000 00539nam a2200181Ia 4500
001 4462
005 20260306145757.0
008 260306t2004||||xx |||||||||||||| ||spa||
041 _aESP
082 _a323
_bI59B
100 _aInstituto Interamericano de Derechos Humanos
_eAUT
245 0 _aEl sistema de justicia constitucional en Honduras:
_b(comentarios a la ley sobre justicia constitucional de enero de 2004)
260 _c2004
300 _a239 páginas :
_c21 cm.
650 _aGEN
654 _aCHU
942 _cLIB
_dJUS
_fJUS
_2ddc
_n
999 _c4462
_d4462